000 01001nam a2200313 a 4500
001 vtls000129181
003 NLI
005 20210601205819.0
008 101125s1965 mau 001 0 eng
020 _cRs. 168.00
039 9 _y201011251405
_zVLOAD
040 _aNLI
_beng
_cDatasoft 1
_eAACR2
041 0 _aeng
044 _amau
082 0 4 _a944.08
100 1 _aSedgwick, Alexander,
_d1930-
_9258821
245 1 4 _aThe ralliement in French politics, 1890-1898 /
_cAlexander Sedgwick
260 _aCambridge, Mass. :
_bHarvard University Press,
_cc1965
300 _axiii, 184 p. ;
_c21 cm.
440 0 _aHarvard historical studies ;
_vv. Lxxiv
_9214781
504 _aIncludes bibliographical references and index
650 0 _aCatholics
_zFrance
_9179248
651 0 _aFrance
_xPolitics and government
_y1870-1940
_9258822
887 _a
901 _a377467
_b17.8.65
902 _aE 944.08 Se 28
949 _AVIRTUAITEM
_D10000
_X100
_6PUR000377467ENG
942 _2ddc
_cBKS
999 _aVIRTUA40
_c132016
_d132016